000 00585nam a2200193Ia 4500
001 23786
003 GE_BSU
008 181216s||||||||xx |||||||||||||| ||und||
040 _cGE_BSU
245 _aАграрная наука №7-8. 2018
245 _bНаучно-теоретический и производственный журнал
245 _cГл. ред. Б.В. Виолин
260 _aмосква
260 _c2018г.
300 _a76с;30см;
653 _aАграрная наука №7-8. 2018
653 _aპერიოდიკა
942 _cCR
999 _c56664
_d56664